000
00411nam a22001697a 4500
003
MPLRDC
005
20220104124214.0
008
210129b ||||| |||| 00| 0 eng d
082
_a
805.138 JXY
100
_a
金学镛编译
245
_a
英语谚语集锦
_c
250
_a
一版一刷
260
_a
_b
吉林教育出版社
_c
1985
300
_b
平
650
_a
英文谚语
942
_c
BK
_o
805.138 JXY
999
_c
17465
_d
17455